logo

Bir Sreshtho Munshi Abdur Rouf Library
Jhenaidah Cadet College

Bangladesh and SAARC : (Record no. 9450)

MARC details
000 -LEADER
fixed length control field 01171nam a2200313 a 4500
001 - CONTROL NUMBER
JCCL Control Number 9450
003 - CONTROL NUMBER IDENTIFIER
JCCL marc code BD-JhCC
005 - DATE AND TIME OF LATEST TRANSACTION
control field 20180314162832.0
008 - FIXED-LENGTH DATA ELEMENTS--GENERAL INFORMATION
fixed length control field 180314s1992 bg b 100 0 eng d
020 ## - INTERNATIONAL STANDARD BOOK NUMBER
International Standard Book Number 9840800949 :
Terms of availability Tk375.00
035 ## - SYSTEM CONTROL NUMBER
system control number (BD-JhCC)9450
040 ## - CATALOGING SOURCE
Original cataloging agency BD-JhCC
Transcribing agency DLC
Modifying agency BD-JhCC
041 ## - LANGUAGE CODE
Language code of Book eng
050 00 - LIBRARY OF CONGRESS CALL NUMBER
Classification number DS331.5
Item number .B36 1992
082 00 - DEWEY DECIMAL CLASSIFICATION NUMBER
Classification number 303.4/825405492
DDC Edition number 20
Author mark and Year BAN 1992
245 00 - TITLE STATEMENT
Title Bangladesh and SAARC :
Remainder of title issues, perspectives, and outlook /
Statement of responsibility, etc edited by Iftekharuzzaman, Imtiaz Ahmed.
260 ## - PUBLICATION, DISTRIBUTION, ETC. (IMPRINT)
Place of publication, distribution, etc Dhaka :
Name of publisher, distributor, etc Academic Publishers,
Date of publication, distribution, etc c1992.
300 ## - PHYSICAL DESCRIPTION
Pagination xiii, 350 p. ;
Dimensions 23 cm.
500 ## - GENERAL NOTE
General note "Bangladesh Institute of International and Strategic Studies"--T.p. verso.
504 ## - BIBLIOGRAPHY, ETC. NOTE
Bibliography, etc Includes bibliographical references.
520 ## - SUMMARY, ETC.
Summary, etc Papers presented at a seminar held on 23-24 August 1992.
610 20 - SUBJECT ADDED ENTRY--CORPORATE NAME
Corporate name or jurisdiction name as entry element South Asian Association for Regional Cooperation
651 #0 - SUBJECT ADDED ENTRY--GEOGRAPHIC NAME
Geographic name South Asia
General subdivision Relations
Geographic subdivision Bangladesh
General subdivision Congresses.
651 #0 - SUBJECT ADDED ENTRY--GEOGRAPHIC NAME
Geographic name Bangladesh
General subdivision Relations
Geographic subdivision South Asia
General subdivision Congresses.
700 0# - ADDED ENTRY--PERSONAL NAME
Personal name Iftekharuzzaman.
700 1# - ADDED ENTRY--PERSONAL NAME
Personal name Ahmed, Imtiaz,
Dates associated with a name 1958-
710 2# - ADDED ENTRY--CORPORATE NAME
Corporate name or jurisdiction name as entry element Bangladesh Institute of International and Strategic Studies.
942 ## - ADDED ENTRY ELEMENTS (KOHA)
Source of classification or shelving scheme Dewey Decimal Classification
Koha item type Books
Holdings
Source of classification or shelving scheme Damaged status Not for loan Home library Current library Shelving location Date of accession Cost, normal purchase price Total Checkouts Full call number Barcode Date last seen Copy number Koha item type
Dewey Decimal Classification     JCC Rouf Library JCC Rouf Library General Stacks 03/14/2018 375.00   303.4/825405492 BAN 1992 12562 03/14/2018 C-1 Books

JCC Library | Contacts | JCC Home

Last Update on 23 September 2017
Copyright @ 2017-2020 JCC Rouf Library
Rouf Library, Jhenidah Cadet College (JCC), Bangladesh